[Event "GBR-ch 95th"]
[Site "Liverpool"]
[Date "2008.07.29"]
[Round "2.29"]
[White "Davis, Lee"]
[Black "Barrett, Steve"]
[Result "0-1"]
[WhiteElo "2071"]
[BlackElo "2251"]
[PlyCount "72"]
[EventDate "2008.07.28"]
[EventType "swiss"]
[EventRounds "11"]
[EventCountry "GBR"]

1. d4 Nf6 2. g3 g6 3. Bg2 Bg7 4. Nf3 O-O 5. O-O d6 6. c4 c6 7. Nc3 Qa5 8. h3
Be6 9. d5 cxd5 10. Nd4 dxc4 11. Nxe6 fxe6 12. Bxb7 Nbd7 13. Bxa8 Rxa8 14. Qa4
Qxa4 15. Nxa4 Ne4 16. Rb1 d5 17. Kg2 Nb6 18. Nxb6 axb6 19. a3 Ra5 20. f3 Nc5
21. Bd2 Rb5 22. Bb4 Kf7 23. e3 Nd3 24. Bc3 Nxb2 25. Bxg7 Kxg7 26. Rf2 c3 27.
Rc2 Nc4 28. Rxb5 Nxe3+ 29. Kf2 Nxc2 30. Rxb6 Nxa3 31. Rb3 c2 32. Rc3 Kf6 33. f4
e5 34. Rc6+ e6 35. Rc3 e4 36. Ke3 d4+ 0-1

[Event "GBR-ch 95th"]
[Site "Liverpool"]
[Date "2008.07.29"]
[Round "2.30"]
[White "Kett, Timothy"]
[Black "Grigoryan-Lyell, Meri"]
[Result "0-1"]
[WhiteElo "2247"]
[BlackElo "2053"]
[PlyCount "106"]
[EventDate "2008.07.28"]
[EventType "swiss"]
[EventRounds "11"]
[EventCountry "GBR"]

1. Nf3 Nf6 2. d4 d5 3. c4 dxc4 4. Nc3 c6 5. a4 Bf5 6. e3 e6 7. Bxc4 Bd6 8. O-O
Qc7 9. Re1 Ne4 10. Bd3 Nxc3 11. bxc3 Bxd3 12. Qxd3 Nd7 13. c4 Rd8 14. Bb2 O-O
15. Qe4 Rfe8 16. Qg4 e5 17. c5 Bf8 18. Nxe5 Nxe5 19. dxe5 Bxc5 20. Red1 Qb6 21.
Bc3 Qb3 22. Bd4 Bxd4 23. Rxd4 Rd5 24. Rxd5 Qxd5 25. f4 Rd8 26. Rf1 Qe4 27. Rf3
Qxa4 28. h4 c5 29. h5 Qa6 30. f5 Qa1+ 31. Kf2 Rd2+ 32. Kg3 Qxe5+ 33. Kh3 Rd1
34. g3 Qf6 35. Qe4 h6 36. Qxb7 Rh1+ 37. Kg2 Qa1 38. Rf2 Rxh5 39. Rf1 Qa2+ 40.
Rf2 Qa1 41. Rf1 Qa2+ 42. Rf2 Rh2+ 43. Kxh2 Qxf2+ 44. Kh1 Qxe3 45. Qxa7 Qf3+ 46.
Kh2 Qxf5 47. Qc7 Qd5 48. Kh3 c4 49. Kh2 Qd3 50. Qe7 Qf1 51. Qe5 Kh7 52. g4 Qf2+
53. Kh3 Qf3+ 0-1

[Event "GBR-ch 95th"]
[Site "Liverpool"]
[Date "2008.07.29"]
[Round "2.31"]
[White "Sen, Subin"]
[Black "Tiruchirapalli, Venkataramanan"]
[Result "1-0"]
[WhiteElo "2050"]
[BlackElo "2247"]
[PlyCount "79"]
[EventDate "2008.07.28"]
[EventType "swiss"]
[EventRounds "11"]
[EventCountry "GBR"]

1. Nf3 Nf6 2. c4 e6 3. g3 d5 4. d4 dxc4 5. Bg2 c5 6. O-O Nc6 7. Ne5 Nxe5 8.
dxe5 Nd5 9. e4 Nc7 10. Qxd8+ Kxd8 11. a4 b6 12. Rd1+ Ke8 13. Na3 Ba6 14. Bf1 f6
15. Bf4 g5 16. Be3 Be7 17. exf6 Bxf6 18. Nxc4 Bxc4 19. Bxc4 Bxb2 20. Rab1 Bf6
21. a5 Rb8 22. Bxc5 b5 23. Bd6 Rc8 24. Bxb5+ Nxb5 25. Rxb5 Kf7 26. e5 Bg7 27.
Rb7+ Kg6 28. Rxa7 Rhd8 29. Rb1 Rc2 30. Re7 Ra2 31. g4 h5 32. Rbb7 hxg4 33.
Rxg7+ Kf5 34. Rbf7+ Ke4 35. Rxg5 Rxa5 36. Rxg4+ Kd5 37. Rff4 Ra1+ 38. Kg2 Rd1
39. Rc4 Rxd6 40. exd6 1-0

[Event "GBR-ch 95th"]
[Site "Liverpool"]
[Date "2008.07.29"]
[Round "2.32"]
[White "Gavriel, Tryfon"]
[Black "Coates, David H"]
[Result "1/2-1/2"]
[WhiteElo "2180"]
[BlackElo "2037"]
[PlyCount "43"]
[EventDate "2008.07.28"]
[EventType "swiss"]
[EventRounds "11"]
[EventCountry "GBR"]

1. c4 Nf6 2. g3 g6 3. Bg2 d5 4. cxd5 Nxd5 5. Nc3 Nxc3 6. bxc3 Bg7 7. Rb1 Nd7 8.
h4 h5 9. Nh3 c5 10. c4 O-O 11. Ng5 Qc7 12. O-O Rb8 13. Bb2 b6 14. Bxg7 Kxg7 15.
f4 Bb7 16. e4 Nf6 17. d4 cxd4 18. Qxd4 Rbd8 19. Qe3 Kg8 20. Rfc1 Ng4 21. Qa3
Rd2 22. c5 1/2-1/2

[Event "GBR-ch 95th"]
[Site "Liverpool"]
[Date "2008.07.29"]
[Round "2.33"]
[White "McCullough, Simon L"]
[Black "Williamson, Roger G"]
[Result "0-1"]
[WhiteElo "1910"]
[BlackElo "2169"]
[PlyCount "76"]
[EventDate "2008.07.28"]
[EventType "swiss"]
[EventRounds "11"]
[EventCountry "GBR"]

1. Nf3 d5 2. b3 c5 3. Bb2 Nc6 4. d4 cxd4 5. Nxd4 e6 6. e3 Nf6 7. Be2 Be7 8. O-O
O-O 9. c4 a6 10. Nd2 Bd6 11. Rc1 Ne7 12. N4f3 Nc6 13. Bd3 Bb8 14. Bb1 Re8 15.
Qe2 Qe7 16. e4 dxe4 17. Ng5 e5 18. Ngxe4 Nxe4 19. Nxe4 f5 20. Ng3 g6 21. Rfd1
Bd6 22. c5 Bc7 23. Bd3 e4 24. Bc4+ Be6 25. Rd2 Bf4 26. Rcd1 Bxd2 27. Rxd2 Qxc5
28. Nh5 Bxc4 29. Nf6+ Kf7 30. bxc4 e3 31. Rd7+ Re7 32. fxe3 Rxd7 33. Nxd7 Qd6
34. Nb6 Rd8 35. Nd5 b5 36. e4 Qc5+ 37. Kh1 Qxc4 38. Qf2 Qxe4 0-1

[Event "GBR-ch 95th"]
[Site "Liverpool"]
[Date "2008.07.29"]
[Round "2.34"]
[White "Cox, Tristan"]
[Black "Gibson, Chris A"]
[Result "1-0"]
[WhiteElo "2144"]
[BlackElo "2003"]
[PlyCount "41"]
[EventDate "2008.07.28"]
[EventType "swiss"]
[EventRounds "11"]
[EventCountry "GBR"]

1. Nf3 c5 2. c4 Nc6 3. d4 cxd4 4. Nxd4 Nf6 5. g3 Qb6 6. Nb3 d6 7. Nc3 Bf5 8.
Bg2 Qb4 9. Bd2 Qxc4 10. Rc1 Qa6 11. O-O g6 12. Bg5 Nd7 13. Nd5 Rc8 14. Nd4 h6
15. Be3 Nde5 16. Nxf5 gxf5 17. Bd4 b5 18. f4 Nxd4 19. Qxd4 Ng6 20. Nc7+ Rxc7
21. Rxc7 1-0

[Event "GBR-ch 95th"]
[Site "Liverpool"]
[Date "2008.07.30"]
[Round "3.1"]
[White "Davies, Nigel R"]
[Black "Trent, Lawrence"]
[Result "1-0"]
[WhiteElo "2478"]
[BlackElo "2470"]
[PlyCount "128"]
[EventDate "2008.07.28"]
[EventType "swiss"]
[EventRounds "11"]
[EventCountry "GBR"]

1. g3 g6 2. Bg2 Bg7 3. d4 d6 4. e4 Nf6 5. Ne2 O-O 6. O-O e5 7. d5 Nbd7 8. c4 a5
9. Nbc3 Nc5 10. f3 Ne8 11. Be3 f5 12. Qd2 b6 13. exf5 gxf5 14. f4 e4 15. Nd4
Nf6 16. Bh3 Ne8 17. Kh1 Qf6 18. Rg1 h5 19. Bf1 Qh6 20. Be2 Rf7 21. Rg2 Bd7 22.
Ncb5 Qh8 23. Rb1 Bc8 24. b3 Nf6 25. h3 Kf8 26. Rbg1 Ke8 27. Qd1 Bf8 28. a3 Rh7
29. Rh2 Qg8 30. Rgg2 Qf7 31. Bg1 Bg7 32. Qc2 Kf8 33. b4 Na6 34. Qb3 Kg8 35. Nc2
Kh8 36. Bd4 Bd7 37. Ne3 Ne8 38. Qc3 axb4 39. axb4 Bxd4 40. Nxd4 Qf6 41. Nec2
Ba4 42. Qa3 Nb8 43. Qe3 c5 44. dxc6 Nxc6 45. Nxc6 Bxc6 46. Nd4 Bb7 47. Rg1 Nc7
48. g4 hxg4 49. hxg4 Rxh2+ 50. Kxh2 Qh4+ 51. Kg2 Ra3 52. Qxa3 e3+ 53. Nf3 Qf2+
54. Kh3 Bxf3 55. Qa1+ Kh7 56. gxf5 Ne8 57. Qa7+ Kh8 58. Qf7 Qxg1 59. Qxe8+ Kg7
60. Qe7+ Kh8 61. Bxf3 Qf1+ 62. Kg4 Qg1+ 63. Kh5 Qh2+ 64. Qh4 Qxh4+ 1-0

[Event "GBR-ch 95th"]
[Site "Liverpool"]
[Date "2008.07.30"]
[Round "3.2"]
[White "Pert, Nicholas"]
[Black "Gregory, Stephen J"]
[Result "1-0"]
[WhiteElo "2547"]
[BlackElo "2177"]
[PlyCount "87"]
[EventDate "2008.07.28"]
[EventType "swiss"]
[EventRounds "11"]
[EventCountry "GBR"]

1. d4 Nf6 2. Nf3 d6 3. g3 g6 4. Bg2 Bg7 5. O-O O-O 6. c4 Nbd7 7. Nc3 e5 8. e4
exd4 9. Nxd4 Re8 10. h3 a6 11. Re1 Nc5 12. Bf4 Ne6 13. Be3 Nxd4 14. Bxd4 Be6
15. Nd5 c5 16. Bxf6 Bxf6 17. Nxf6+ Qxf6 18. b3 Bd7 19. a4 Bc6 20. Ra2 Re6 21.
Rae2 Rae8 22. Qd3 Qe7 23. Re3 b6 24. h4 Qb7 25. g4 Qe7 26. g5 f6 27. gxf6 Qxf6
28. e5 dxe5 29. Bxc6 Rxc6 30. Qd5+ Kh8 31. Rxe5 Rxe5 32. Rxe5 Rd6 33. Re8+ Kg7
34. Qb7+ Kh6 35. Re7 Kh5 36. Rxh7+ Kg4 37. Qe4+ Qf4 38. Qg2+ Kf5 39. Rf7+ Rf6
40. Qh3+ Ke4 41. Re7+ Kd4 42. Rd7+ Rd6 43. Rxd6+ Qxd6 44. Qe3# 1-0

[Event "GBR-ch 95th"]
[Site "Liverpool"]
[Date "2008.07.30"]
[Round "3.4"]
[White "Greet, Andrew"]
[Black "Conquest, Stuart"]
[Result "0-1"]
[WhiteElo "2453"]
[BlackElo "2536"]
[PlyCount "86"]
[EventDate "2008.07.28"]
[EventType "swiss"]
[EventRounds "11"]
[EventCountry "GBR"]

1. e4 c5 2. Nf3 a6 3. c3 e6 4. d4 d5 5. e5 Bd7 6. Bd3 Nc6 7. a3 Qb6 8. Bc2 Nh6
9. b3 Rc8 10. O-O cxd4 11. cxd4 g6 12. Bb2 Na5 13. Nbd2 Nf5 14. g4 Ne7 15. h3
Bg7 16. Ne1 Nc4 17. bxc4 Qxb2 18. Nef3 dxc4 19. Ne4 O-O 20. Rb1 Qxa3 21. Rxb7
Bc6 22. Rb1 Nd5 23. Ra1 Qb4 24. Rb1 Qe7 25. g5 Rfd8 26. Qc1 c3 27. Kh2 Rb8 28.
Kg3 a5 29. h4 a4 30. Nf6+ Bxf6 31. gxf6 Qc7 32. Qg5 Rb2 33. Be4 Nxf6 34. Bxc6
Nh5+ 35. Kg2 h6 36. Qg4 Qxc6 37. Rbc1 c2 38. Kh3 a3 39. Rg1 Rb3 40. Qxh5 Qxf3+
41. Qxf3 Rxf3+ 42. Kg4 Rc3 43. Rg3 Rxd4+ 0-1

[Event "GBR-ch 95th"]
[Site "Liverpool"]
[Date "2008.07.30"]
[Round "3.5"]
[White "Lalic, Bogdan"]
[Black "Kolbus, Dietmar"]
[Result "1/2-1/2"]
[WhiteElo "2533"]
[BlackElo "2393"]
[PlyCount "31"]
[EventDate "2008.07.28"]
[EventType "swiss"]
[EventRounds "11"]
[EventCountry "GBR"]

1. d4 d5 2. c4 c6 3. Nf3 Nf6 4. Nc3 g6 5. e3 Bg7 6. Be2 O-O 7. O-O a6 8. a4 Bg4
9. Qb3 Ra7 10. cxd5 cxd5 11. h3 Bxf3 12. Bxf3 e6 13. Bd2 Nc6 14. Be2 Re8 15.
Rfc1 Bf8 16. Qd1 1/2-1/2

[Event "GBR-ch 95th"]
[Site "Liverpool"]
[Date "2008.07.30"]
[Round "3.6"]
[White "Horner, Jeff"]
[Black "Hebden, Mark"]
[Result "0-1"]
[WhiteElo "2372"]
[BlackElo "2520"]
[PlyCount "84"]
[EventDate "2008.07.28"]
[EventType "swiss"]
[EventRounds "11"]
[EventCountry "GBR"]

1. e4 e5 2. Nf3 Nc6 3. Bc4 Nf6 4. d3 Be7 5. O-O O-O 6. Bb3 d6 7. c3 Na5 8. Bc2
c5 9. Nbd2 Re8 10. Re1 Bf8 11. Nf1 h6 12. Ng3 Nc6 13. Bb3 b5 14. h3 a5 15. a4
b4 16. d4 bxc3 17. bxc3 cxd4 18. cxd4 Ba6 19. Be3 Nb4 20. Qd2 Bd3 21. dxe5 dxe5
22. Qb2 Qb8 23. Rad1 Nxe4 24. Bxf7+ Kxf7 25. Qb3+ Re6 26. Nxe4 Bxe4 27. Rd7+
Be7 28. Rxe7+ Kxe7 29. Bc5+ Kf6 30. Rxe4 Na6 31. Qc3 Nxc5 32. Qxc5 Qb1+ 33. Re1
Qb4 34. Qd5 Rae8 35. Nd2 e4 36. Rb1 Qxa4 37. g4 Kf7 38. Nc4 Kg8 39. Ne5 Kh7 40.
Nf7 Qc6 41. Qf5+ Kg8 42. g5 h5 0-1

[Event "GBR-ch 95th"]
[Site "Liverpool"]
[Date "2008.07.30"]
[Round "3.7"]
[White "Rendle, Thomas"]
[Black "Gordon, Stephen J"]
[Result "0-1"]
[WhiteElo "2363"]
[BlackElo "2508"]
[PlyCount "72"]
[EventDate "2008.07.28"]
[EventType "swiss"]
[EventRounds "11"]
[EventCountry "GBR"]

1. e4 c5 2. Nc3 Nc6 3. f4 g6 4. Nf3 Bg7 5. a3 a6 6. b4 b6 7. Rb1 d6 8. b5 axb5
9. Bxb5 Bd7 10. O-O Nh6 11. Nd5 e6 12. Ne3 O-O 13. d3 Rc8 14. g4 f5 15. gxf5
exf5 16. Bc4+ Kh8 17. Ng5 Nd4 18. c3 Nc6 19. Nd5 Rb8 20. Qe1 Ne7 21. Ne3 b5 22.
Ba2 fxe4 23. dxe4 c4 24. Qh4 Neg8 25. Nd5 Bc6 26. Qh3 Nf6 27. Nxf6 Qxf6 28. Bd2
d5 29. Ne6 dxe4 30. Nxg7 Kxg7 31. a4 Nf5 32. axb5 Bxb5 33. Rfe1 Rfd8 34. Bc1
Rd3 35. Qg4 Qb6+ 36. Kh1 e3 0-1

[Event "GBR-ch 95th"]
[Site "Liverpool"]
[Date "2008.07.30"]
[Round "3.8"]
[White "Arkell, Keith"]
[Black "Houska, Jovanka"]
[Result "1-0"]
[WhiteElo "2506"]
[BlackElo "2405"]
[PlyCount "107"]
[EventDate "2008.07.28"]
[EventType "swiss"]
[EventRounds "11"]
[EventCountry "GBR"]

1. d4 d5 2. c4 c6 3. Nf3 Nf6 4. Nc3 a6 5. e3 b5 6. b3 Bg4 7. Be2 e6 8. O-O Nbd7
9. h3 Bf5 10. a4 b4 11. Nb1 Ne4 12. Bb2 Bd6 13. Bd3 O-O 14. Qc2 a5 15. Nbd2
Nxd2 16. Nxd2 Bxd3 17. Qxd3 f5 18. Rac1 Qb8 19. Rc2 Qb7 20. Rfc1 Rac8 21. Nf3
h6 22. cxd5 cxd5 23. Ne5 Nf6 24. f3 Rfe8 25. g4 fxg4 26. hxg4 Rxc2 27. Qxc2 Qa7
28. Kg2 Nh7 29. Qg6 Qe7 30. Rc6 Bxe5 31. dxe5 Ng5 32. Bd4 Qd7 33. Ra6 Rc8 34.
Rxa5 Rc6 35. Bb6 Qc8 36. Ra7 Rc2+ 37. Kg3 Qf8 38. Rxg7+ Qxg7 39. Qxc2 Qxe5+ 40.
Kg2 Qf6 41. f4 Ne4 42. Qc8+ Kf7 43. Qd7+ Kf8 44. Qd8+ Qxd8 45. Bxd8 Nc5 46. Bb6
Na6 47. Kf3 Ke7 48. e4 Kd6 49. Bd4 Kc6 50. g5 hxg5 51. fxg5 e5 52. Bxe5 Nc5 53.
g6 dxe4+ 54. Ke3 1-0

[Event "GBR-ch 95th"]
[Site "Liverpool"]
[Date "2008.07.30"]
[Round "3.9"]
[White "Rudd, Jack"]
[Black "Gormally, Daniel"]
[Result "0-1"]
[WhiteElo "2345"]
[BlackElo "2504"]
[PlyCount "56"]
[EventDate "2008.07.28"]
[EventType "swiss"]
[EventRounds "11"]
[EventCountry "GBR"]

1. e4 c5 2. Nf3 d6 3. Nc3 Nf6 4. e5 dxe5 5. Nxe5 a6 6. g3 Qc7 7. d4 e6 8. Bf4
Bd6 9. Bg2 Nbd7 10. Nxd7 Bxd7 11. Bg5 cxd4 12. Qxd4 Be5 13. Qb4 a5 14. Qb3 a4
15. Qb4 a3 16. Nb5 Qa5 17. Qxa5 Rxa5 18. c4 axb2 19. Rd1 Bxb5 20. cxb5 Rxb5 21.
O-O O-O 22. a4 Ra5 23. f4 Bc3 24. Rd3 Rc5 25. Rb1 h6 26. Bh4 b6 27. h3 Rfc8 28.
Bf1 g5 0-1

[Event "GBR-ch 95th"]
[Site "Liverpool"]
[Date "2008.07.30"]
[Round "3.10"]
[White "Quillan, Gary"]
[Black "Flear, Glenn C"]
[Result "1/2-1/2"]
[WhiteElo "2339"]
[BlackElo "2493"]
[PlyCount "120"]
[EventDate "2008.07.28"]
[EventType "swiss"]
[EventRounds "11"]
[EventCountry "GBR"]

1. e4 e5 2. Nf3 Nc6 3. Bb5 a6 4. Ba4 Nf6 5. O-O Be7 6. Re1 b5 7. Bb3 d6 8. c3
O-O 9. d4 Bg4 10. d5 Na5 11. Bc2 c6 12. h3 Bc8 13. dxc6 Qc7 14. Nbd2 Qxc6 15.
a4 Be6 16. Ng5 Bd7 17. Nf1 Nc4 18. b3 Na5 19. Bd2 Bd8 20. Ne3 h6 21. Nf3 Be6
22. Nf5 Bxf5 23. exf5 Re8 24. axb5 axb5 25. Ra2 Bb6 26. Qa1 Ra7 27. Qb2 Rea8
28. Rea1 Qd7 29. Qc1 Nc6 30. Rxa7 Rxa7 31. Rxa7 Qxa7 32. Be3 Bxe3 33. Qxe3 Qxe3
34. fxe3 Nd5 35. Be4 Nce7 36. Bxd5 Nxd5 37. Nd2 Nxc3 38. e4 f6 39. Kf2 Kf7 40.
Ke3 d5 41. exd5 Nxd5+ 42. Kf3 Ke7 43. Ne4 Kd7 44. g4 Kc6 45. h4 Ne7 46. Ng3 Kc5
47. Nh5 Kd4 48. Ke2 g6 49. fxg6 Nxg6 50. Nxf6 Nxh4 51. Ng8 Kc3 52. Nxh6 b4 53.
Nf7 Ng6 54. Nd6 Kxb3 55. Kd3 Ka2 56. Nc4 b3 57. g5 b2 58. Nxb2 Kxb2 59. Ke4 Kc3
60. Kf5 Kd4 1/2-1/2

[Event "GBR-ch 95th"]
[Site "Liverpool"]
[Date "2008.07.30"]
[Round "3.11"]
[White "Haslinger, Stewart"]
[Black "Briscoe, Christopher"]
[Result "1-0"]
[WhiteElo "2511"]
[BlackElo "2232"]
[PlyCount "99"]
[EventDate "2008.07.28"]
[EventType "swiss"]
[EventRounds "11"]
[EventCountry "GBR"]

1. e4 c5 2. Nf3 d6 3. d4 cxd4 4. Nxd4 Nf6 5. Nc3 a6 6. Be3 e5 7. Nb3 Be6 8. f3
Be7 9. Qd2 O-O 10. O-O-O Nbd7 11. g4 b5 12. Rg1 b4 13. Nd5 Bxd5 14. exd5 Nb6
15. Na5 Nfxd5 16. Nc6 Qc7 17. Nxe7+ Qxe7 18. Bxb6 Nxb6 19. Qxd6 Qg5+ 20. Qd2
Qe7 21. Bd3 Qc5 22. Rge1 Na4 23. Qe3 Rfe8 24. Bf5 Qxe3+ 25. Rxe3 Nb6 26. Be4
Rab8 27. Bd3 Nd5 28. Bxh7+ Kxh7 29. Rxd5 f6 30. Ra5 Rb6 31. Rc5 Rd8 32. Rd3
Rbd6 33. Rxd6 Rxd6 34. Rc4 a5 35. Rc5 a4 36. Rc4 b3 37. Rxa4 bxa2 38. Rxa2 Kh6
39. h4 Rd4 40. Ra3 Rf4 41. Re3 f5 42. Rxe5 fxg4 43. fxg4 Rxg4 44. h5 Rh4 45. b3
Rxh5 46. Rxh5+ Kxh5 47. b4 g5 48. Kd2 Kh4 49. b5 g4 50. b6 1-0

[Event "GBR-ch 95th"]
[Site "Liverpool"]
[Date "2008.07.30"]
[Round "3.12"]
[White "Williams, Simon K"]
[Black "James, Russell A"]
[Result "1/2-1/2"]
[WhiteElo "2496"]
[BlackElo "2225"]
[PlyCount "55"]
[EventDate "2008.07.28"]
[EventType "swiss"]
[EventRounds "11"]
[EventCountry "GBR"]

1. d4 d5 2. c4 e6 3. Nc3 Nf6 4. cxd5 exd5 5. Bg5 c6 6. e3 Bf5 7. Qf3 Bg6 8.
Bxf6 Qxf6 9. Qxf6 gxf6 10. Nf3 Nd7 11. Nh4 Nb6 12. f4 f5 13. Bd3 Nc4 14. Bxc4
dxc4 15. a4 a5 16. Kf2 Be7 17. Nf3 f6 18. Nh4 O-O 19. h3 Ra6 20. Rad1 Rb6 21.
Rd2 Rb3 22. Rc2 Rd8 23. Nf3 Bf7 24. g4 fxg4 25. hxg4 b5 26. Ra1 b4 27. Ne2 c5
28. Nd2 1/2-1/2

[Event "GBR-ch 95th"]
[Site "Liverpool"]
[Date "2008.07.30"]
[Round "3.13"]
[White "Buckley, Graeme"]
[Black "Goodger, Martyn"]
[Result "1-0"]
[WhiteElo "2401"]
[BlackElo "2187"]
[PlyCount "89"]
[EventDate "2008.07.28"]
[EventType "swiss"]
[EventRounds "11"]
[EventCountry "GBR"]

1. d4 f5 2. g3 Nf6 3. Bg2 g6 4. Nf3 Bg7 5. O-O O-O 6. c4 d6 7. Nc3 Qe8 8. d5 a5
9. Rb1 Na6 10. b3 Bd7 11. a3 Nc5 12. Bb2 h6 13. b4 axb4 14. axb4 Nce4 15. Qb3
g5 16. Nxe4 Nxe4 17. Bxg7 Kxg7 18. c5 Qf7 19. Rbc1 Qf6 20. Qe3 Ra4 21. cxd6
Qxd6 22. Nd4 Rxb4 23. Rfd1 Nf6 24. Nc6 Rb6 25. Ne5 Ng4 26. Nxg4 fxg4 27. Qc3+
Qf6 28. Qxf6+ Rfxf6 29. Rxc7 Rfd6 30. e4 Kf6 31. f3 gxf3 32. Bxf3 g4 33. Bg2
Bb5 34. Rd2 Rd7 35. Rc8 Ba6 36. Rf8+ Kg7 37. Rf4 Rb1+ 38. Kf2 h5 39. e5 Rc7 40.
e6 Rc4 41. Rf7+ Kg8 42. Rxe7 Rcc1 43. d6 Rd1 44. Rxd1 Rxd1 45. d7 1-0

[Event "GBR-ch 95th"]
[Site "Liverpool"]
[Date "2008.07.30"]
[Round "3.14"]
[White "Townsend, Paul"]
[Black "Eggleston, David"]
[Result "1/2-1/2"]
[WhiteElo "2204"]
[BlackElo "2372"]
[PlyCount "90"]
[EventDate "2008.07.28"]
[EventType "swiss"]
[EventRounds "11"]
[EventCountry "GBR"]

1. d4 Nf6 2. c4 e6 3. Nf3 b6 4. Bf4 Bb7 5. e3 Bb4+ 6. Nfd2 O-O 7. a3 Be7 8. Nc3
c5 9. d5 d6 10. e4 e5 11. Be3 Nbd7 12. g3 Ne8 13. h4 a6 14. a4 Bc8 15. Bh3 Nc7
16. Qe2 Rb8 17. Nb3 Rb7 18. f3 Nb8 19. Bxc8 Qxc8 20. f4 exf4 21. gxf4 Bf6 22.
Qf3 Nd7 23. O-O-O b5 24. e5 dxe5 25. Ne4 bxc4 26. Nbxc5 Ne8 27. Nxf6+ Nexf6 28.
Nxb7 Qxb7 29. fxe5 Nxe5 30. Qg2 Nd3+ 31. Kb1 Nxd5 32. Rdg1 f6 33. Bd4 Rf7 34.
Qc2 Rc7 35. Rh3 N5b4 36. Qc3 Nd5 37. Qc2 N3b4 38. Qg2 Qc8 39. Qg4 Qe8 40. Ra3
Re7 41. Bc3 Ne3 42. Qf3 Nbd5 43. Bd4 Qc6 44. Kc1 c3 45. Rxc3 Qe8 1/2-1/2

[Event "GBR-ch 95th"]
[Site "Liverpool"]
[Date "2008.07.30"]
[Round "3.15"]
[White "Knott, Simon JB"]
[Black "Williamson, Roger G"]
[Result "1/2-1/2"]
[WhiteElo "2365"]
[BlackElo "2169"]
[PlyCount "70"]
[EventDate "2008.07.28"]
[EventType "swiss"]
[EventRounds "11"]
[EventCountry "GBR"]

1. Nf3 d5 2. d4 e6 3. c4 c5 4. cxd5 exd5 5. g3 Nc6 6. Bg2 Nf6 7. O-O Be7 8. Nc3
O-O 9. Bg5 cxd4 10. Nxd4 h6 11. Be3 Re8 12. Rc1 Bf8 13. Na4 Bd7 14. Nc5 Bxc5
15. Nxc6 bxc6 16. Bxc5 Ne4 17. e3 Qa5 18. Qd4 Nxc5 19. Rxc5 Qxa2 20. b4 Qa6 21.
e4 Be6 22. b5 cxb5 23. exd5 Rad8 24. Rc7 Bf5 25. Rxa7 Qf6 26. Qxf6 gxf6 27. Rb7
Rb8 28. Rxb8 Rxb8 29. f4 b4 30. Rf2 b3 31. Rb2 Kf8 32. Bf3 Bc2 33. d6 Rb6 34.
Bd5 Rxd6 35. Bxb3 Bxb3 1/2-1/2

[Event "GBR-ch 95th"]
[Site "Liverpool"]
[Date "2008.07.30"]
[Round "3.16"]
[White "Lalic, Susan"]
[Black "Cox, Tristan"]
[Result "1-0"]
[WhiteElo "2344"]
[BlackElo "2144"]
[PlyCount "47"]
[EventDate "2008.07.28"]
[EventType "swiss"]
[EventRounds "11"]
[EventCountry "GBR"]

1. e4 c5 2. Nc3 Nc6 3. g3 Rb8 4. f4 g6 5. Bg2 Bg7 6. Nf3 b5 7. d3 b4 8. Nd5 e6
9. Ne3 d6 10. O-O Nge7 11. a3 a5 12. axb4 axb4 13. Qe1 O-O 14. g4 f5 15. gxf5
exf5 16. exf5 Nxf5 17. Nxf5 Bxf5 18. Ng5 Nd4 19. Bd5+ Kh8 20. Qh4 h6 21. Ra7
Be6 22. Bxe6 Nxe6 23. Rxg7 Nxg7 24. Qxh6+ 1-0

[Event "GBR-ch 95th"]
[Site "Liverpool"]
[Date "2008.07.30"]
[Round "3.18"]
[White "Ledger, Stephen"]
[Black "Storey, Charles"]
[Result "1-0"]
[WhiteElo "2138"]
[BlackElo "2268"]
[PlyCount "77"]
[EventDate "2008.07.28"]
[EventType "swiss"]
[EventRounds "11"]
[EventCountry "GBR"]

1. d4 g6 2. Nf3 Bg7 3. Bf4 d6 4. e3 Nd7 5. h3 e5 6. Bh2 Qe7 7. Be2 f5 8. O-O
Nh6 9. c4 O-O 10. Nc3 c6 11. dxe5 dxe5 12. Rc1 g5 13. Kh1 g4 14. Ng1 Nf6 15.
Qc2 Nh5 16. hxg4 fxg4 17. Ne4 Bf5 18. Bd3 Rad8 19. Ne2 Bg6 20. Kg1 Nf5 21. Rcd1
Bh6 22. N2g3 Nxe3 23. fxe3 Bxe3+ 24. Kh1 Nf4 25. c5 Kh8 26. b4 h5 27. Rfe1 Bd4
28. Ne2 Nxd3 29. Qxd3 Bf2 30. Nxf2 Bxd3 31. Nxd3 e4 32. Ne5 Kh7 33. Rxd8 Qxd8
34. Ng3 Qd2 35. Rxe4 h4 36. Ne2 Rf2 37. Nf4 Rf1+ 38. Bg1 Rxf4 39. Nc4 1-0

[Event "GBR-ch 95th"]
[Site "Liverpool"]
[Date "2008.07.30"]
[Round "3.19"]
[White "Grigoryan-Lyell, Meri"]
[Black "Zhou, Yang-Fan"]
[Result "1-0"]
[WhiteElo "2053"]
[BlackElo "2259"]
[PlyCount "75"]
[EventDate "2008.07.28"]
[EventType "swiss"]
[EventRounds "11"]
[EventCountry "GBR"]

1. d4 Nf6 2. c4 g6 3. Nc3 Bg7 4. e4 d6 5. f4 O-O 6. e5 dxe5 7. fxe5 Ne8 8. Bg5
f6 9. Bf4 fxe5 10. Bxe5 Nc6 11. Bxg7 Nxg7 12. d5 Ne5 13. Be2 Qd6 14. Qd2 Ng4
15. Nf3 Bf5 16. O-O-O Nf2 17. h3 Nxd1 18. Bxd1 Bd7 19. g4 Qf4 20. Qxf4 Rxf4 21.
Ne5 Rd8 22. c5 c6 23. Bb3 e6 24. d6 b6 25. Na4 Re4 26. Nxd7 Rxd7 27. Rd1 b5 28.
Nc3 Re5 29. Kb1 Rxc5 30. Ne4 Rxd6 31. Rxd6 Re5 32. Nf6+ Kf7 33. Nxh7 Ne8 34.
Rd7+ Kg8 35. Re7 Re1+ 36. Kc2 Re2+ 37. Kc1 a5 38. Bxe6+ 1-0

[Event "GBR-ch 95th"]
[Site "Liverpool"]
[Date "2008.07.30"]
[Round "3.20"]
[White "Barrett, Steve"]
[Black "Ynojosa, Felix Jose"]
[Result "1/2-1/2"]
[WhiteElo "2251"]
[BlackElo "2101"]
[PlyCount "83"]
[EventDate "2008.07.28"]
[EventType "swiss"]
[EventRounds "11"]
[EventCountry "GBR"]

1. d4 Nf6 2. Nf3 e6 3. e3 d5 4. Bd3 Bd6 5. Nbd2 c5 6. b3 b6 7. Bb2 Bb7 8. O-O
O-O 9. Ne5 Ne4 10. dxc5 Nxc5 11. Qh5 f5 12. Ndf3 Nbd7 13. Nxd7 Qxd7 14. Ne5 Qe8
15. Qxe8 Raxe8 16. Bb5 Re7 17. Rad1 Rc8 18. f3 a6 19. Be2 Nxb3 20. cxb3 Rc2 21.
Nc4 dxc4 22. Bxc4 Bxh2+ 23. Kxh2 Rxb2 24. Rd6 Bd5 25. Bxa6 Rxa2 26. Rxb6 Bxb3
27. Rxb3 Rxa6 28. Kg3 g5 29. f4 h6 30. e4 fxe4 31. fxg5 Rg7 32. Rb5 Rxg5+ 33.
Rxg5+ hxg5 34. Re1 Kg7 35. Rxe4 Kf6 36. Re3 Ra5 37. Rb3 e5 38. Kf3 Ra4 39. g4
e4+ 40. Ke3 Rc4 41. Rb6+ Kf7 42. Rb5 1/2-1/2

[Event "GBR-ch 95th"]
[Site "Liverpool"]
[Date "2008.07.30"]
[Round "3.23"]
[White "Lyell, Mark"]
[Black "Russell, Christopher"]
[Result "1/2-1/2"]
[WhiteElo "2232"]
[BlackElo "2036"]
[PlyCount "104"]
[EventDate "2008.07.28"]
[EventType "swiss"]
[EventRounds "11"]
[EventCountry "GBR"]

1. e4 e6 2. d4 d5 3. e5 c5 4. c3 Qb6 5. Nf3 Bd7 6. a3 cxd4 7. cxd4 Bb5 8. Bxb5+
Qxb5 9. Nc3 Qa6 10. Ne2 Ne7 11. O-O Nd7 12. Ng3 Nc6 13. Nh5 Rc8 14. Be3 Qb5 15.
Rc1 Qxb2 16. Ng5 Qxa3 17. Qg4 Qe7 18. Nf3 f6 19. exf6 Nxf6 20. Nxf6+ gxf6 21.
Rfe1 Qf7 22. Bf4 Kd7 23. Rb1 Bb4 24. Bd2 a5 25. Bxb4 Nxb4 26. Nd2 Rc6 27. Qd1
Rhc8 28. Qa4 b6 29. Rb3 R8c7 30. Nb1 Kc8 31. Na3 Rc1 32. Rb1 Rxb1 33. Rxb1 Qg6
34. h3 Kb7 35. Rb3 Qe4 36. Rg3 h5 37. Qe8 h4 38. Rg4 Rc8 39. Qd7+ Rc7 40. Qe8
Rc8 41. Qd7+ Rc7 42. Rxe4 Rxd7 43. Rxe6 Nc6 44. Nc2 Rf7 45. Rd6 Ne7 46. Na3 f5
47. Kf1 f4 48. Ke2 f3+ 49. gxf3 Nf5 50. Rxd5 Kc6 51. Rd8 Kc7 52. Rd5 Kc6
1/2-1/2

[Event "GBR-ch 95th"]
[Site "Liverpool"]
[Date "2008.07.30"]
[Round "3.24"]
[White "Hawkins, Jonathan"]
[Black "Elwin, Adrian G"]
[Result "1-0"]
[WhiteElo "2232"]
[BlackElo "2022"]
[PlyCount "25"]
[EventDate "2008.07.28"]
[EventType "swiss"]
[EventRounds "11"]
[EventCountry "GBR"]

1. d4 Nf6 2. c4 e6 3. Nc3 Bb4 4. Qc2 c5 5. dxc5 Bxc5 6. Nf3 Nc6 7. Bf4 O-O 8.
e3 d5 9. a3 Qe7 10. Rd1 dxc4 11. Bxc4 e5 12. Bg5 h6 13. Nd5 1-0